Statistics for 20 Most Populous Cities In 2100

Click here to take the quiz!

General Stats

  • This quiz has been taken 55 times
  • The average score is 13 of 20

Answer Stats

PopulationCity% Correct
57,330,000New Delhi
93%
88,300,000Lagos
91%
40,580,000Cairo
89%
83,530,000Kinshasa
85%
67,340,000Mumbai
85%
46,660,000Nairobi
83%
49,060,000Karachi
80%
52,400,000Kolkata
80%
73,680,000Dar Es Salaam
76%
35,820,000Addis Ababa
70%
54,250,000Dhaka
70%
56,590,000Khartoum
67%
40,140,000Kampala
54%
39,960,000Manila
54%
36,370,000Mogadishu
46%
56,150,000Niamey
46%
41,380,000Lilongwe
39%
37,740,000Lusaka
39%
50,300,000Kabul
37%
40,910,000Blantyre
33%

Score Distribution

Percentile by Number Answered

Percent of People with Each Score

Your Score History

You have not taken this quiz